000 00438nam a22001697a 4500
005 20250515124432.0
008 250515b |||||||| |||| 00| 0 eng d
020 _a978-81-239-2139-6
082 _a617.3 Q2
100 _aEbnezar, John
245 _aCommon Surgeries of Spine
250 _a1st
260 _bCbs Publishers & Distributors Pvt Ltd
_c2012
650 _vPhysiotherapy
_xSurgeries of Spine
942 _cBK
999 _c249100
_d249100